Statistics for Every Current Kennywood Rides

Click here to take the quiz!

General Stats

  • This quiz has been taken 20 times
  • The average score is 17 of 40

Answer Stats

HintAnswer% Correct
Roller Coaster1999Exterminator
85%
Roller Coaster1920Jack Rabbit
85%
Roller Coaster2001Phantom's Revenge
85%
Roller Coaster1927Racer
85%
Roller Coaster2019Steel Curtain
85%
Roller Coaster2010Sky Rocket
77%
Roller Coaster1968Thunderbolt
77%
Flat Rides1926Whip
77%
Flat Rides2000Aero 360
69%
Water Rides1995Pittsburg Plunge
62%
Dark Rides2020Old Mill
54%
Flat Rides2006Swing Shot
54%
Flat Rides2012Black Widow
46%
Flat Rides2007Cosmic Chaos
46%
Dark Rides2008Ghostwood Estate
46%
Roller Coaster1996Lil' Phantom
46%
Dark Rides1936Noah's Ark
46%
Water Rides1985Raging Rapids
46%
Flat Rides1984Wave Swinger
46%
Flat Rides1930Auto Race
38%
Flat Rides1987Musik Express
38%
Flat Rides1982Pirate
38%
Charged Attractions1994Skycoaster
38%
Flat Rides1927Turtle
38%
Flat Rides1927Merry Go Round
31%
Charged Attractions1981Paddle Boats
31%
Kiddieland2007S. S. Kenny
31%
Kiddieland2001Crazy Trolley
23%
Kiddieland1987Elephant Parade
23%
Flat Rides1973Gran Prix
23%
Transportation Rides2018Journey With Thomas
23%
Kiddieland1924Kenny's Karousel
23%
Kiddieland1970Dizzy Dynamo
15%
Kiddieland1979Red Baron
15%
Kiddieland1974Steel City Choppers
15%
Kiddieland1950Turtle Chase
15%
Kiddieland1924Whacky Wheel
15%
Kiddieland1985Whippersnapper
15%
Kiddieland1984Whirlwhind
15%
Dark Rides20154-D Theater
8%

Score Distribution

Percentile by Number Answered

Percent of People with Each Score

Your Score History

You have not taken this quiz